Lun yu lei ji /

Saved in:
Bibliographic Details
Main Author: Confucius.
Other Authors: Xu, Tonglai.
Format: Book
Language:Chinese
Published: Taibei : Zheng zhong shu ju, min guo 43 [1954]
Subjects:
Tags: Add Tag
No Tags, Be the first to tag this record!
LEADER 00975cam a2200265 a 4500
001 007725686-7
005 20024617110921.0
008 960105r1954uuuuch 000 0 chi d
035 0 |a ocm34171676 
040 |a NhD  |c NhD  |d *YNH*  |d CStRLIN 
100 0 |a Confucius. 
245 1 0 |6 880-01  |a Lun yu lei ji /  |c Xu Tonglai bian xie. 
260 |6 880-02  |a Taibei :  |b Zheng zhong shu ju,  |c min guo 43 [1954] 
300 |a 1 v. (various pagings) ;  |c 21 cm. 
500 |6 880-03  |a Facsimile reproduction of Zi jiang lao ren shou xie xiu zhen ben. 
650 0 |a Lun yü  |x Commentaries. 
600 0 0 |6 880-04  |a Confucius.  |t Lun yu  |x Commentaries. 
700 1 |6 880-05  |a Xu, Tonglai. 
880 1 0 |6 245-01  |a 論語類輯/  |c 許同萊編寫. 
880 |6 260-02  |a 臺北 :  |b 正中書局,  |c 民國43 [1954] 
880 |6 500-03  |a Facsimile reproduction of 自疆老人手寫袖珍本. 
880 0 0 |6 600-04  |a Confucius.  |t 論語  |x Commentaries. 
880 1 |6 700-05  |a 許同萊. 
988 |a 20021108 
906 |0 OCLC